Normal view MARC view
  • Bradie,Brian

Entry Personal Name

Number of records used in: 6

001 - CONTROL NUMBER

  • control field: 43

003 - CONTROL NUMBER IDENTIFIER

  • control field: Nust

005 - DATE AND TIME OF LATEST TRANSACTION

  • control field: 20170505113325.0

008 - FIXED-LENGTH DATA ELEMENTS

  • fixed length control field: 170505|| aca||aabn | a|a d

040 ## - CATALOGING SOURCE

  • Original cataloging agency: Nust
  • Transcribing agency: Nust

100 ## - HEADING--PERSONAL NAME

  • Personal name: Bradie,Brian

670 ## - SOURCE DATA FOUND

  • Source citation: Work cat.: (Nust): Bradie,Brian, A Friendly Introduction to Numerical Analysis, 2012
© 2023 Central Library, National University of Sciences and Technology. All Rights Reserved.